00000000nam##2200000za#4500
0019.627424
003CaOODSP
00520210615105134
007ta
008150406|2007||||xxc|||||     f|0| 0 fre|d
020 |a978-0-662-73760-5
040 |aCaOODSP|bfre
043 |an-cn---
0861 |aFs22-4/6-2007F
1101 |aCanada. |bMinistère des pêches et des océans.
24513|aLe dard de sable : |bune espèce en péril en Ontario
260 |bPêches et Océans Canada |cc2007.
300 |a[2]p. : |bill., carte ; |c22 cm.
4901 |aLes espèces aquatiques en péril
500 |aLe n° de catalogue (Fs22-4/6-2007E-PDF) et l’ ISBN (978-0-662-09063-2) imprimés dans cette publication sont incorrects.
563 |aDépliant
590 |a09-42|b2009-10-16
69107|aEspèce menacée|2gcpds
77508|tThe Eastern Sand Darter : |w(CaOODSP)9.618214
7760#|tLe dard de sable : |w(CaOODSP)9.594448
830#0|aLes espèces aquatiques en péril.|w(CaOODSP)9.513578
986 |aMPO/2007-1215